• 首页
  • 本馆介绍
  • 公告通知
  • 最新文献
  • 馆藏检索
  • 电子资源
  • 读者导购
  • 参考咨询
  • 我的图书馆
  • 登录
  • 详细信息显示
  • 放入我的书架
  • 预约/预借图书
  • 作者相关作品
  • 分类相关作品
  • 丛书相关作品
  • 出版社相关作品

书目信息

  • 表格格式
  • 工作单格式
  • 卡片格式
题名:
现代教育信息化理论的整合与创新研究
    
 
作者: 田春艳 , 何春钢 著
分册:  
出版信息: 西安   西安交通大学出版社  2017.8
页数: 187页
开本: 24cm
丛书名:
单 册:
中图分类: G43
科图分类:
主题词: 教育工作--jiao yu gong zuo--信息化--研究
电子资源:
ISBN: 978-7-5693-0052-9
000 01236nam0 2200289 45
001 012001003957
005 20131015081115.0
010    @a978-7-5693-0052-9@dCNY50.00
099    @aCAL 012018035741
100    @a20180320d2018 em y0chiy50 ea
101 0  @achi
102    @aCN@b610000
105    @aa a 000yy
106    @ar
200 1  @a现代教育信息化理论的整合与创新研究@Axian dai jiao yu xin xi hua li lun de zheng he yu chuang xin yan jiu@f田春艳, 何春钢著
210    @a西安@c西安交通大学出版社@d2017.8
215    @a187页@c图@d24cm
300    @a“黑龙江省基础教育信息化团队”研究成果
320    @a有书目 (第186-187页)
330    @a本书以现代教育信息化为主题,一方面整合现代教育信息化理论,包括现代教育信息化的概念、内涵、特征、概况分析以及新阶段的思考,现代教育传媒理论、信息化环境下的教与学理论、教学设计,以及现代教育信息化教学资源与教学过程,面向信息化的教师专业发展,现代教育信息技术与课程整合,教育信息化的重要创新——翻转课堂和创新实例。
333    @a教育工作者、教育研究人员及相关读者。
606 0  @a教育工作@Ajiao yu gong zuo@x信息化@x研究
690    @aG43@v5
701  0 @a田春艳@Atian chun yan@4著
701  0 @a何春钢@Ahe chun gang@4著
801    @b江苏凤凰@c20191020
905    @b1234434-9@dG43@e188@f6
    
    现代教育信息化理论的整合与创新研究/田春艳, 何春钢著.-西安:西安交通大学出版社,2017.8
    187页:图;24cm
    “黑龙江省基础教育信息化团队”研究成果.-使用对象:教育工作者、教育研究人员及相关读者。
    
    ISBN 978-7-5693-0052-9:CNY50.00
    本书以现代教育信息化为主题,一方面整合现代教育信息化理论,包括现代教育信息化的概念、内涵、特征、概况分析以及新阶段的思考,现代教育传媒理论、信息化环境下的教与学理论、教学设计,以及现代教育信息化教学资源与教学过程,面向信息化的教师专业发展,现代教育信息技术与课程整合,教育信息化的重要创新——翻转课堂和创新实例。
●
相关链接 在E读中查询图书 在五车中查询图书 在当当中查询图书 在豆瓣中查询图书


正题名:现代教育信息化理论的整合与创新研究     索取号:G43/188         预约/预借

序号 登录号 条形码 馆藏地/架位号 状态 备注
1 1234434   212344346   第一样本阅览室/ [索取号:G43/188] 在馆    
2 1234435   212344355   第四借阅区/ [索取号:G43/188] 在馆    
3 1234436   212344364   第四借阅区/ [索取号:G43/188] 在馆    
4 1234437   212344373   教育系资料室/ [索取号:G43/188] 在馆    
5 1234438   212344382   教育系资料室/ [索取号:G43/188] 在馆    
6 1234439   212344391   教育系资料室/ [索取号:G43/188] 在馆    
唐山师范学院图书馆 欢迎您!
大连网信软件有限公司© 版权所有